000 00801nam a22002297a 4500
999 _c64028
_d64028
005 20240530110711.0
008 180121s2016 ua a f b 000 0dara d
017 _a2015/15261
_bمصر. دار الكتب
020 _a9789770933534
040 _aEG-CaGPL
_cEG-CaGPL
082 0 4 _221
_a791.437\
_bم س
100 0 _aمحمود عبدالشكور
245 1 0 _aسينمانيا :
_bالولع بالافلام ورؤية مختلفة لقراءاتها /
_cمحمود عبدالشكور .
250 _aط.1
260 _aالقاهرة :
_bدار الشروق ،
_c2016 .
300 _a336 ص. ؛
_c24 سم.
650 0 7 _2qrmak
_aالافلام الاجنبية
650 0 7 _2qrmak
_aالسينما
651 _2qrmak
942 _2ddc
_cBK